Comuni costieri dell'Abruzzo - Statistics

Statistiche generali
  • Questo quiz è stato fatto 70 volte
  • Il punteggio medio è 13 su 19
Statistiche sulle risposte
Comuni % Corretto
Pescara
95%
Vasto
89%
Montesilvano
84%
Giulianova
82%
Silvi
82%
Alba Adriatica
81%
Ortona
79%
Roseto degli Abruzzi
77%
Pineto
76%
Tortoreto
71%
Francavilla al Mare
69%
Martinsicuro
68%
San Salvo
66%
San Vito Chietino
53%
Fossacesia
50%
Città Sant'Angelo
44%
Torino di Sangro
44%
Casalbordino
37%
Rocca San Giovanni
24%
Nessun quiz corrispondente trovato
Distribuzione punteggi
Percentuale di utenti per punteggio
Percentile per numero di risposta
I tuoi punteggi nel tempo
Non hai fatto questo quiz